World Issues: In the Global Community (Record no. 5867)

MARC details
005 - DATE AND TIME OF LATEST TRANSACTION
control field 20250628080840.0
020 ## - INTERNATIONAL STANDARD BOOK NUMBER
International Standard Book Number 0471796921
082 ## - DEWEY DECIMAL CLASSIFICATION NUMBER
Classification number 910 HAR
100 ## - MAIN ENTRY--PERSONAL NAME
Author name HARSHMAN,R.
245 ## - TITLE STATEMENT
Title World Issues: In the Global Community
260 ## - PUBLICATION, DISTRIBUTION, ETC.
Place of publication, distribution, etc. New York
Name of publisher, distributor, etc. John Wiley & Sons,Ltd,
Date of publication, distribution, etc. 1989
300 ## - PHYSICAL DESCRIPTION
Extent xiii,368p.:ill.
Other physical details Index
Dimensions 23cm.
700 ## - ADDED ENTRY--PERSONAL NAME
Other authors/Editors HANNEL,C.
942 ## - ADDED ENTRY ELEMENTS (KOHA)
Source of classification or shelving scheme Dewey Decimal Classification
Koha item type Books
Holdings
Date last seen Total checkouts Full call number Barcode Cost, replacement price Price effective from Koha item type Lost status Source of classification or shelving scheme Damaged status Not for loan Withdrawn status Home library Current library Shelving location Date acquired Source of acquisition Cost, normal purchase price
06/28/2025   910 HAR DOM0001370 90000.00 06/28/2025 Books   Dewey Decimal Classification       CBE Dodoma CBE Dodoma General Collection 01/07/2000 Library budget 30000.00